| 000 | 00620nam a2200241Ia 4500 | ||
|---|---|---|---|
| 003 | OSt | ||
| 005 | 20220926013608.0 | ||
| 006 | a|||||r|||| 00| 0 | ||
| 007 | ta | ||
| 008 | 220923b |||||||| |||| 00| 0 eng d | ||
| 037 | _cGeneral Book | ||
| 040 |
_aRTL _cRTL _beng |
||
| 041 |
_2eng _aeng |
||
| 082 | _aB3, M5 | ||
| 100 |
_aRobert Alain _9318684 |
||
| 245 | 0 | _aNon standard analysis | |
| 260 |
_aNew York _bJohn Wiley _c1985 |
||
| 300 |
_axvii,156p _ccm. |
||
| 500 | _aBibliography P 153-154 | ||
| 650 | _aAnalysis | ||
| 942 |
_hB3, M5 _cGB _2CC |
||
| 999 |
_c626382 _d626382 |
||